| 000 | 01306cam a2200289 i 4500 | ||
|---|---|---|---|
| 003 | SA-RiAUC | ||
| 005 | 20250825060625.0 | ||
| 008 | 250820s1990 ua g 00000 ara c | ||
| 040 |
_aSA-RiAUC _bara _cSA-RiAUC _erda |
||
| 082 | 0 | 4 | _a241 |
| 090 |
_a241 _bا ب ن ج |
||
| 100 | 1 |
_aابن جماعة، محمد بن إبراهيم بن سعد الله، _d639-733 هجري _eمؤلف. |
|
| 245 | 1 | 0 |
_aإيضاح الدليل في قطع حجج أهل التعطيل / _cتأليف محمد بن إبراهيم بن جماعة ؛ حققه سليمان غارجي الألباني. |
| 250 | _aالطبعة الأولى. | ||
| 264 | 1 |
_aالقاهرة : _bدار سليمان غارجي الألباني : _bدار السلام للطباعة والنشر والتوزيع والترجمة، _c1990 |
|
| 300 |
_a240 صفحة ؛ _c24 سم |
||
| 336 |
_aنص _btxt _2rdacontent _3كتاب |
||
| 337 |
_aبدون وسيط _bn _2rdamedia |
||
| 338 |
_aمجلد _bnc _2rdacarrier |
||
| 650 | 7 |
_aالصفات (علم الكلام) _2aucsh |
|
| 650 | 7 |
_aالصفات (علم الكلام) _2aucsh |
|
| 650 | 7 |
_aالأسماء الحسنى _2aucsh |
|
| 700 | 1 |
_aغاوجي، وهبي سليمان، _d1923-2013 _eمحقق. |
|
| 942 |
_2ddc _cBOOK _n0 |
||
| 949 |
_aSA-JeALM _d250820 _umohamedma123 _n1 |
||
| 999 |
_c11074 _d11074 |
||